SKM S3 Stacje - Statistics

General Stats
  • This quiz has been taken 3 times
  • The average score is 12 of 35
Answer Stats
Answer % Correct
Gdańsk Śródmieście
100%
Gdańsk Główny
67%
Gdańsk Stocznia
67%
Rumia
67%
Gdańsk Wrzeszcz
33%
Gdynia Główna
33%
Bożepole Wielkie
33%
Sopot
33%
Gdańsk Oliwa
33%
Gdańsk Politechnika
33%
Gdańsk Żabianka - AWFiS
33%
Gdańsk Zaspa
33%
Gdynia Chylonia
33%
Gdynia Cisowa
33%
Gdynia Grabówek
33%
Gdynia Leszczynki
33%
Gdynia Orłowo
33%
Gdynia Redłowo
33%
Gdynia Stocznia
33%
Gdynia Wzgórze Św. Maksymiliana
33%
Lębork
33%
Lębork Mosty
33%
Luzino
33%
Reda
33%
Reda Pieleszewo
33%
Rumia Janowo
33%
Sopot Kamienny Potok
33%
Sopot Wyścigi
33%
Wejherowo
33%
Wejherowo Nanice
33%
Wejherowo Śmiechowo
33%
Gdańsk Przymorze - Uniwersytet
0%
Godętowo
0%
Gościcino Wejherowskie
0%
Strzebielino Morskie
0%
No matching quizzes found
Score Distribution
Percent of People with Each Score
Percentile by Number Answered
Your Score History
You have not taken this quiz